[Event "Rheinhausen-ch 14th"]
[Site "Duisburg Rheinhausen"]
[Date "2010.03.12"]
[Round "6"]
[White "Rivinius, Otto"]
[Black "Kaiser, Daniel"]
[Result "1-0"]
[WhiteElo "1851"]
[BlackElo "1678"]
[PlyCount "45"]
[EventDate "2010.01.08"]
[EventType "swiss"]
[EventRounds "7"]
[EventCountry "GER"]
[SourceTitle "EXT 2018"]
[Source "ChessBase"]
[SourceDate "2017.10.13"]
[SourceVersion "1"]
[SourceVersionDate "2017.10.13"]
[SourceQuality "1"]

1. d4 Nf6 2. Nf3 d5 3. e3 c6 4. c4 e6 5. Nc3 Be7 6. Bd3 dxc4 7. Bxc4 0-0 8. 0-0 Nbd7 9. Qc2 Nb6 10. Bd3 Nbd5 11. a3 g6 12. e4 Nxc3 13. bxc3 Nd7 14. Re1 c5 15. e5 Qc7 16. Bh6 Re8 17. d5 Bf8 18. d6 Qb8 19. Qd2 b6 20. Bxf8 Rxf8 21. Qh6 Re8 22. Ng5 Nf8 23. Re4 1-0

[Event "Rheinhausen-ch 14th"]
[Site "Duisburg Rheinhausen"]
[Date "2010.01.08"]
[Round "1"]
[White "Kaiser, Daniel"]
[Black "Schumacher, Timo"]
[Result "1-0"]
[WhiteElo "1678"]
[BlackElo "1153"]
[PlyCount "71"]
[EventDate "2010.01.08"]
[EventType "swiss"]
[EventRounds "7"]
[EventCountry "GER"]
[SourceTitle "EXT 2018"]
[Source "ChessBase"]
[SourceDate "2017.10.13"]
[SourceVersion "1"]
[SourceVersionDate "2017.10.13"]
[SourceQuality "1"]

1. e4 d5 2. exd5 Qxd5 3. Nc3 Qa5 4. d4 e6 5. Bd2 g6 6. Nf3 Bg7 7. Nb5 Qb6 8. a4 a5 9. c4 c5 10. Bc3 Nf6 11. dxc5 Qxc5 12. Qd6 Qxd6 13. Nxd6+ Ke7 14. Nb5 Bd7 15. Nc7 Ra7 16. Bd4 b6 17. Bxb6 Rb7 18. c5 Ne4 19. Rb1 Bxa4 20. Bd3 Bc6 21. 0-0 Kd7 22. Bxe4 Bxe4 23. Rbd1+ Kc8 24. Ng5 Bc2 25. Nxf7 Bxd1 26. Nd6+ Kd7 27. Nxb7 Bc2 28. Rc1 Be4 29. Nxa5 Bxb2 30. Rd1+ Ke7 31. f3 Bf5 32. g4 Kf6 33. gxf5 exf5 34. f4 h6 35. Nc4 Bc3 36. Nd5+ 1-0

[Event "Rheinhausen-ch 10th"]
[Site "Duisburg Rheinhausen"]
[Date "2006.03.17"]
[Round "6.12"]
[White "Kaiser, Daniel"]
[Black "Sapmaz, Gueney Alp"]
[Result "0-1"]
[WhiteElo "1654"]
[BlackElo "1447"]
[PlyCount "72"]
[EventDate "2006.01.06"]
[EventType "swiss"]
[EventRounds "7"]
[EventCountry "GER"]
[SourceTitle "EXT 2007"]
[Source "ChessBase"]
[SourceDate "2006.11.23"]
[SourceVersion "1"]
[SourceVersionDate "2006.11.23"]
[SourceQuality "1"]

1. e4 c5 2. Nc3 Nc6 3. g3 g6 4. Bg2 Bg7 5. Nge2 d6 6. 0-0 Rb8 7. d3 Nf6 8. f4 Qc7 9. Be3 b5 10. Rb1 e6 11. d4 Ng4 12. Qd3 Nxe3 13. Nxb5 Qd7 14. Qxe3 Rxb5 15. dxc5 Rxc5 16. c3 Ne7 17. Rfd1 Rc6 18. Rd2 Ba6 19. Rbd1 Nc8 20. e5 d5 21. Nd4 Nb6 22. b3 0-0 23. Nc2 Rfc8 24. Nb4 Rxc3 25. Qe1 Bb7 26. g4 Bf8 27. Nd3 Ba6 28. Bf1 Bxd3 29. Rxd3 Rxd3 30. Bxd3 Qc6 31. h4 Qc3 32. Qxc3 Rxc3 33. f5 Nd7 34. fxg6 fxg6 35. Be2 Nxe5 36. h5 g5 0-1

[Event "Rheinhausen-ch 10th"]
[Site "Duisburg Rheinhausen"]
[Date "2006.01.20"]
[Round "2.7"]
[White "Kaiser, Daniel"]
[Black "Rivinius, Otto"]
[Result "0-1"]
[WhiteElo "1654"]
[BlackElo "1871"]
[PlyCount "32"]
[EventDate "2006.01.06"]
[EventType "swiss"]
[EventRounds "7"]
[EventCountry "GER"]
[SourceTitle "EXT 2007"]
[Source "ChessBase"]
[SourceDate "2006.11.23"]
[SourceVersion "1"]
[SourceVersionDate "2006.11.23"]
[SourceQuality "1"]

1. c4 e6 2. Nc3 d5 3. cxd5 exd5 4. d4 Nf6 5. Bg5 c6 6. e3 Bf5 7. Bd3 Bxd3 8. Qxd3 Nbd7 9. Nge2 Bd6 10. Rc1 0-0 11. 0-0 Bxh2+ 12. Kh1 Bd6 13. e4 dxe4 14. Nxe4 Be7 15. Nxf6+ Nxf6 16. g3 Qd5+ 0-1

[Event "Rheinhausen op"]
[Site "Duisburg"]
[Date "2005.02.11"]
[Round "4"]
[White "Kaiser, Daniel"]
[Black "Pennekamp, Manfred"]
[Result "1-0"]
[WhiteElo "1679"]
[BlackElo "1817"]
[PlyCount "129"]
[EventDate "2005.01.07"]
[EventType "swiss"]
[EventRounds "7"]
[EventCountry "GER"]
[SourceTitle "EXT 2006"]
[Source "ChessBase"]
[SourceDate "2005.11.24"]
[SourceVersion "1"]
[SourceVersionDate "2005.11.24"]
[SourceQuality "1"]

1. d4 Nf6 2. Nf3 c5 3. e3 e6 4. Bd3 Nc6 5. c3 d5 6. Nbd2 Bd6 7. 0-0 c4 8. Bc2 e5 9. e4 Be6 10. Re1 Qc7 11. exd5 Nxd5 12. Nxc4 exd4 13. Nxd6+ Qxd6 14. Nxd4 Nxd4 15. Qxd4 0-0 16. c4 Qb6 17. Qh4 Nf6 18. b3 Rfe8 19. Bb2 Qd8 20. Rad1 Qe7 21. Bxf6 Qxf6 22. Bxh7+ Kf8 23. Qxf6 gxf6 24. Be4 Rab8 25. h4 b5 26. cxb5 f5 27. Bc6 Re7 28. Rd6 Rb6 29. Re3 a6 30. Rg3 Rc7 31. Rd8+ Ke7 32. Re8+ Kf6 33. h5 f4 34. Rgg8 axb5 35. h6 Bf5 36. Be4 Rc1+ 37. Kh2 Bxe4 38. Rg4 Kf5 39. Rh4 Kg5 40. h7 Bxh7 41. Rxh7 Kg6 42. Reh8 Rb7 43. Rh4 Kg7 44. Rd8 Rc2 45. Rxf4 Rxa2 46. Rd5 Rb2 47. Rb4 Rxf2 48. Rbxb5 Rxb5 49. Rxb5 Rb2 50. Rb8 Kg6 51. b4 Kg5 52. b5 f5 53. b6 Kg4 54. b7 Kf4 55. Kg1 Rb3 56. Kf2 Rb2+ 57. Ke1 Rb1+ 58. Kd2 Rb2+ 59. Kc3 Rb1 60. Kd4 Rd1+ 61. Kc5 Rc1+ 62. Kd6 Rd1+ 63. Ke6 Re1+ 64. Kf6 Rb1 65. g3+ 1-0